MARC

LEADER 00000nam0a2200000 4500
001 352296
005 20231102010502.0
020 |a RU  |b 84-5070и 
035 |a (RuTPU)RU\TPU\retro\8761 
090 |a 352296 
100 |a 20191210d1983 m y0rusy5003 ca 
101 0 |a rus 
102 |a RU 
105 |a a z 000zy 
200 1 |a Художники Киргизии за 60 лет  |e [альбом]  |f авт.-сост. О. А. Юшкова 
210 |a Москва  |c Советский художник  |d 1983 
215 |a 224 с.  |c ил., цв. ил.  |d 30 см 
606 1 |a Художники  |2 stltpush  |3 (RuTPU)RU\TPU\subj\17691  |9 43265 
610 1 |a Киргизия 
610 1 |a творчество 
610 1 |a изобразительное искусство 
610 1 |a графика 
610 1 |a скульптура 
610 1 |a театрально-декорационное искусство 
610 1 |a декоративно-прикладное искусство 
675 |a 7.071  |z rus  |v 3 
702 1 |a Юшкова  |b О. А.  |g Ольга Артуровна  |4 220 
801 0 |a RU  |b RuMRKP  |c 19950704  |g psbo 
801 1 |a RU  |b 63413507  |c 20191210 
801 2 |a RU  |b 63413507  |c 20191210  |g RCR 
942 |c BK